North American cities with over 1 million pop metro - Statistics

General Stats
  • This quiz has been taken 65 times
  • The average score is 65 of 88
Answer Stats
Hint Answer % Correct
12,872,322 Los Angeles
100%
19,617,869 New york
98%
4,900,550 Boston
96%
7,943,685 Dallas-Fort Worth
96%
21,804,515 Mexico City
96%
6,139,340 Miami
96%
4,579,599 San Francisco
96%
4,034,248 Seattle
96%
6,373,756 Washington D.C
96%
6,222,106 Atlanta
95%
7,340,118 Houston
95%
2,764,182 Orlando
95%
6,241,164 Philadelphia
95%
3,290,730 Tampa
95%
9,441,957 Chicago
93%
2,985,871 Denver
93%
2,209,494 Kansas City
93%
2,265,051 Cincinnati
91%
2,063,132 Cleveland
91%
2,161,511 Columbus
91%
4,345,761 Detroit
91%
5,268,642 Guadalajara
91%
2,046,828 Nashville
91%
2,509,489 Portland
91%
3,276,208 San Diego
91%
2,426,160 Vancouver
91%
3,693,729 Minneapolis
89%
3,675,219 Montréal
89%
2,349,172 Pittsburgh
89%
2,416,702 Sacramento
89%
2,655,342 San Antonio
89%
1,938,524 San Jose
89%
1,661,500 San José
89%
5,647,656 Toronto
89%
2,835,672 Baltimore
87%
1,151,635 Edmonton
87%
1,675,668 Jacksonville
87%
2,322,985 Las Vegas
87%
5,015,678 Phoenix
87%
2,801,319 St Louis
87%
2,421,115 Austin
85%
1,332,305 Memphis
85%
1,246,176 New Orleans
85%
1,305,550 Calgary
84%
2,756,069 Charlotte
84%
2,132,183 Havana
84%
1,484,338 Raleigh
84%
2,141,779 Indianapolis
82%
5,341,177 Monterey
82%
1,459,380 Oklahoma City
82%
1,266,191 Salt Lake City
82%
1,559,792 Milwaukee
80%
1,068,821 Ottawa
80%
2,581,827 Santo Domingo
80%
2,934,931 Guatemala City
76%
1,161,192 Buffalo
73%
1,284,553 Louisville
73%
1,116,857 Birmingham
69%
2,157,853 Tijuana
69%
1,512,450 Juárez
67%
1,047,286 Managua
67%
1,339,182 Richmond
67%
1,057,597 Tucson
67%
1,015,190 Fresno
65%
2,043,941 San Juan
64%
1,865,900 San Salvador
64%
1,158,069 Hartford
60%
1,673,802 Providence
60%
1,034,123 Tulsa
60%
1,806,840 Virginia beach
60%
3,199,530 Puebla-Tlaxcala
55%
1,316,088 Mérida
53%
1,081,152 Rochester
49%
1,016,508 Honolulu
47%
4,667,558 Riverside
47%
1,094,198 Grandrapids
44%
1,049,792 Mexicali
38%
1,924,771 León
36%
1,271,366 San Luis Potosí
35%
2,353,924 Toluca
33%
1,027,327 New Haven
29%
1,594,212 Querétaro
27%
1,140,916 Aguascalientes
22%
1,003,530 Culiacán
13%
1,031,779 Saltillo
13%
1,028,589 Cuernavaca
11%
1,434,283 La Laguna
5%
1,029,600 Alajuela
2%
No matching quizzes found
Score Distribution
Percent of People with Each Score
Percentile by Number Answered
Your Score History
You have not taken this quiz